Open Data Biblioteca Nacional de Portugal


República Portuguesa: Ministério da Cultura
Biblioteca Nacional de Portugal

Catálogo da BNP: acesso por Identificadores Unívocos
Registos Bibliográficos associados ao registo de autoridade

Etiqueta de registo: 00522cam 2200193 450
001 1032383
003 http://id.bnportugal.gov.pt/bib/catbnp/1032383
100 ## $a20000911d1818 m y0pory01030103ba
101 0# $aita$apor
102 ## $aPT
105 ## $ay z 000iy
106 ## $ar
200 1# $aCarlos Magno$edramma serio
210 #9 $aLisboa,$cNa Typografia de Bulhões,$d1818
215 ## $a79 p.$d14 cm
300 ## $aNa folha de rosto: 'para se representar no Real Theatro de S. Carlos, na abertura feita pela nova companhia italiana.'
300 ## $aPersonagens: Carlos Magno, Vitikindo, Rosmida,Telesia, Arbante,Argiro, Ergildo
305 ## $aEd. bilingue em italiano e português
307 ## $aAssin.: A-E//8
316 ## $aExemplar com nota ms.a indicação de que a obra foi cantada na mesma noite em que foi à cena 'O mérito exaltado'$5PTBN: T.S.C. 410 P.
317 ## $aTeatro de São Carlos$5PTBN: T.S.C. 410 P.-T.S.C. 411 P., T.S.C. 1518//1 P.,T.S.C. 1527//8 P.
317 ## $aIPPC, Departamento de Musicologia$5PTBN: M. 2950 P.
601 02 $aTeatro de São Carlos$2SIPOR$315631
606 ## $aÓperas$j[Libretos]$2SIPOR$31158641
620 ## $dLisboa
675 ## $a78.089.1$vBN$zpor$3506605
700 #1 $aPeracchi$b Antonio$f1716 -1802$31996487
701 #1 $aNicolini,$bGiuseppe,$f1762-1842$4230$3225521
702 #1 $aHilbrath,$bFilippo,$ffl. 1817-1819$4010$399167
712 02 $aTipografia de Bulhões$c(Lisboa)$4610$31272108
712 01 $aPortugal.$bTeatro Nacional de São Carlos$4390$315629
712 01 $aPortugal.$bInstituto Português do Património Cultural.$bDepartamento de Musicologia$4390$3285717
801 #0 $aPT$bBN$gRPC
856 40 $2Cópia digital disponível na Internet Archive$uhttps://archive.org/details/bub_gb_uIYCjZGcdg0C
966 ## $lBN$mMUSICA$sM. 949 P. $x0
966 ## $lBN$mMUSICA$sM. 2950 P.$x7
966 ## $lBN$mMUSICA$sT.S.C. 410 P. $x6
966 ## $lBN$mMUSICA$sT.S.C. 1518//1 P. $x6
966 ## $lBN$mMUSICA$sT.S.C. 1527//8 P. $x6
976 ## $d20260421$rmemarques
997 ## $aBIBEOD

OpendataBNP@bnportugal.pt | Mais informação sobre acesso aos dados BNP